Statistics for UK Overseas Territories

Click here to take the quiz!

General Stats

  • This quiz has been taken 174 times
  • The average score is 10 of 20

Answer Stats

Hint Answer % Correct
Falkland Islands
72%
Gibraltar
67%
British Virgin Islands
65%
Bermuda
64%
Saint Helena
63%
Cayman Islands
56%
Isle Of Man
53%
Jersey
52%
Montserrat
52%
Guernsey
50%
South Georgia
49%
Anguilla
48%
Turks and Caicos Islands
45%
Pitcairn islands
43%
British Indian Ocean Territory
42%
Tristan da cunha
39%
Ascension
37%
South Sandwich Islands
37%
British Antarctic Territory
35%
Akrotiri and Dhekelia
28%

Score Distribution

Percentile by Number Answered

Percent of People with Each Score

Your Score History

You have not taken this quiz